zpět

Detail výsledku týmu

Spirit Bar - Žižkov, Praha

Datum a čas kvízu

23.5 Celkem bodů Celkový počet nahraných bodů na tomto kvízu bez doplňovacích otázek.
7. Pořadí na kvízu Konečné umístění týmu na tomto kvízu.

Zaznamenané odpovědi

# Otázka Odpověď Body Výsledky
1. Ve čtvrtek byla zveřejněna bud... v Ostravě 0
2. Majitel zkrachovalé taxislužb... K pěstování zeleniny. 0
3. Známý podnikatel, matematik a... Karel Janeček 1
4. Na jednom pražském ostrově na... Rohanský ostrov 1
5. V uplynulém týdnu odstartovaly... Sparta, Slavia, Jablonec 0
6. Před několika týdny jsme si bl... Valencie 1
7. V Madridu, ale i ve zbytku Špa... patatas bravas/papas bravas 1
8. Název jistého španělského alko... sangria 1
9. Název tradiční španělské sušen... jamón 1
10. Název této tradiční španělské... turrón/torrone 0